| 000 | 01118cab a2200217 4500 | ||
|---|---|---|---|
| 001 | X86198 | ||
| 008 | 090401t1997 xxu||||| |||| 00| 0 eng d | ||
| 035 | _a(Sirsi) u80609 | ||
| 041 | _aeng | ||
| 245 | _aNew Forest DC and Parker Bath Company Ltd | ||
| 260 | _c1997 | ||
| 350 | _a0 | ||
| 490 |
_aPlanning Appeal Decisions _v[1997] 12 PAD 348-354(7) |
||
| 520 | _aOutline application-B1/B2 use building-5574m-car parking-landscaping-access road-in and by industrial estate-Green Belt-very special circumstances-Structure, Local and District Plans-New Forest Heritage Area-impact on character and appearance of countryside-adequacy of planning conditions-alternative site-appellants recently taken over by foreign company-abandoned mineral working-personal permissions for companies inappropriate-rarely justified for permanent building-appellants not yet owners of site-difficulties of landscaping. Taken from headnote. | ||
| 650 | _aGREEN BELT | ||
| 650 | _aNEW FOREST HERITAGE AREA | ||
| 650 | _aPLANNING APPLICATIONS | ||
| 690 | _aPLANNING LAW AND PRACTICE-CASE LAW | ||
| 942 | _n0 | ||
| 948 | _c02/09/1997 | ||
| 999 |
_c50741 _d50741 |
||